| 000 | 00589nam a2200169 i 4500 | ||
|---|---|---|---|
| 001 | 122819 | ||
| 003 | ES-MaACL | ||
| 005 | 20230906192040.0 | ||
| 007 | t| | ||
| 008 | 070214q1969 sp r ||||0| spa d | ||
| 245 | 0 | 0 | _aProductos químicos y sus minerales, abonos y papel. |
| 260 |
_aMadrid : _bComisaría del Plan de Desarrollo Económico y Social, _c[1969?] |
||
| 300 |
_aXVI, 326 p., 15 gráf ; _c32 cm. |
||
| 650 | 4 |
_aIndustria química- _zEspaña. _9140241 |
|
| 710 | 2 |
_aEspaña. _bComisaría del Plan de Desarrollo Económico y Social. _93631 |
|
| 852 |
_aES-MaACL _jC-41466 _bR.72895 |
||
| 999 |
_c122819 _d122819 |
||